| 000 | 01230cab a2200469 4500 | ||
|---|---|---|---|
| 001 | ABS52258 | ||
| 008 | 090401t1995 xxu||||| |||| 00| 0 eng d | ||
| 035 | _a(Sirsi) u68743 | ||
| 041 | _aeng | ||
| 245 | _aEstates Times survey: A3, A23, & A24 towns | ||
| 260 | _c1995 | ||
| 350 | _a0 | ||
| 490 |
_aEstates Times _v(1268) 24 February 1995, 17-34(16) |
||
| 650 | _aA23 | ||
| 650 | _aA24 | ||
| 650 | _aA3 CORRIDOR | ||
| 650 | _aBRIGHTON | ||
| 650 | _aCRAWLEY | ||
| 650 | _aCROYDON | ||
| 650 | _aEPSOM | ||
| 650 | _aGUILDFORD | ||
| 650 | _aHAMPSHIRE | ||
| 650 | _aHORSHAM | ||
| 650 | _aINDUSTRIAL MARKET | ||
| 650 | _aINDUSTRIAL RENTS | ||
| 650 | _aKINGSTON UPON THAMES | ||
| 650 | _aLEATHERHEAD | ||
| 650 | _aPROPERTY-COMMERCIAL PROPERTY-OFFICE PROPERTY-OFFICE PROPERTY MARKET | ||
| 650 | _aOFFICE RENTS | ||
| 650 | _aPETERSFIELD | ||
| 650 | _aPORTSMOUTH | ||
| 650 | _aREDHILL | ||
| 650 | _aREIGATE | ||
| 650 | _aPROPERTY-COMMERCIAL PROPERTY-RETAIL PROPERTY-RETAIL PROPERTY MARKET | ||
| 650 | _aRETAIL RENTS | ||
| 650 | _aSURREY | ||
| 650 | _aSUSSEX | ||
| 650 | _aWOKING | ||
| 690 | _aPROPERTY-COMMERCIAL PROPERTY-COMMERCIAL PROPERTY MARKET | ||
| 942 | _n0 | ||
| 948 | _c04/03/1997 | ||
| 999 |
_c43142 _d43142 |
||